Programování CNC systému SINUMERIK 810D/840D - frézování
Uložené v:
| Hlavný autor: | |
|---|---|
| Médium: | Kniha |
| Jazyk: | Czech |
| Vydavateľské údaje: |
Ostrava :
VŠB-Technická univerzita Ostrava,
2006
|
| Vydanie: | 1. vyd. |
| Predmet: | |
| Tagy: |
Žiadne tagy, Buďte prvý, kto otaguje tento záznam!
|
MARC
| LEADER | 00000nam a22000003a 4500 | ||
|---|---|---|---|
| 001 | stu224915 | ||
| 005 | 20150617225653.5 | ||
| 008 | 110505s2006----xr------------------cze-d | ||
| 020 | |a 80-248-1136-7 | ||
| 040 | |a STU |b slo | ||
| 041 | 0 | |a cze | |
| 044 | |a xr | ||
| 080 | |a 621.9-52 |7 stu_us_auth*stu16394 | ||
| 100 | 1 | |a Adamec, Jaromír |4 aut | |
| 245 | 1 | |a Programování CNC systému SINUMERIK 810D/840D - frézování | |
| 250 | |a 1. vyd. | ||
| 260 | |a Ostrava : |b VŠB-Technická univerzita Ostrava, |c 2006 | ||
| 300 | |a 148 s | ||
| 650 | 7 | |a CNC frézovanie |2 stusub | |
| 996 | |b 284J038846 |c J*113919 |l JJST |s P |a 0 |w stu224915_0001 | ||